Romance languages quiz #1 - Statistics

General Stats
  • This quiz has been taken 50 times
  • The average score is 19 of 30
Answer Stats
Answer % Correct
é
97%
è
97%
es
97%
és
97%
es
97%
est
92%
son
92%
soy
92%
suis
86%
eres
83%
sommes
83%
sont
83%
êtes
81%
somos
78%
somos
78%
sono
78%
sono
78%
sois
64%
sei
61%
siamo
53%
sou
50%
siete
44%
são
36%
este
28%
sunt
28%
sunt
28%
ești
22%
estais
6%
suntem
6%
sunteți
6%
No matching quizzes found
Score Distribution
Percent of People with Each Score
Percentile by Number Answered
Your Score History
You have not taken this quiz